Statistics for Countries that don't have taxes

Click here to take the quiz!

General Stats

  • This quiz has been taken 98 times
    (34 since last reset)
  • The average score is 7 of 8

Answer Stats

Continent Answer % Correct
AsiaUnited Arab Emirates
97%
AsiaQatar
94%
AsiaOman
90%
AsiaBahrain
90%
AsiaKuwait
87%
AsiaSaudi Arabia
81%
AsiaBrunei
77%
North AmericaBahamas
65%

Score Distribution

Percentile by Number Answered

Percent of People with Each Score

Your Score History

You have not taken this quiz since the last reset